| 000 | 00000nam##2200000za#4500 |
| 001 | 9.639935 |
| 003 | CaOODSP |
| 005 | 20210624222425 |
| 007 | cr ||||||||||| |
| 008 | 150407|2000||||xxc|||||o f|0| 0 fre|d |
| 040 | |aCaOODSP|bfre |
| 043 | |an-cn--- |
| 086 | 1 |aSE1-2/2000-1F-PDF |
| 110 | 1 |aCanada.|bÉlections Canada. |bDirecteur général des élections du Canada. |
| 245 | 10|aRapport du directeur général des élections du Canada sur les élections partielles tenues le 11 septembre 2000 dans Kings-Hants et Okanagan-Coquihalla |h[ressource électronique] |
| 260 | |aOttawa - Ontario : |bÉlections Canada. |cc2000. |
| 300 | |a24p.|bfigure, tableaux |
| 500 | |aLe nº de catalogue (SE1-2/2000-1) et l'ISBN (0-662-65278-9) de l'édition imprimée bilingue ont été incorrectement copiés dans cette édition électronique. |
| 590 | |a12-05-Supp|b2012-03-02 |
| 691 | 07|aÉlection partielle|2gcpds |
| 691 | 07|aSystème électoral|2gcpds |
| 775 | 08|tReport of the Chief Electoral Officer of Canada following the September 11, 2000 by-elections held in Kings-Hants and Okanagan-Coquihalla |w(CaOODSP)9.695838 |
| 776 | 0#|tReport of the Chief Electoral Officer of Canada following the September 11, 2000 by-elections held in Kings-Hants and Okanagan-Coquihalla.|w(CaOODSP)9.662233 |
| 776 | 0#|tRapport du directeur général des élections du Canada sur les élections partielles tenues le 11 septembre 2000 dans Kings-Hants et Okanagan-Coquihalla.|w(CaOODSP)9.662234 |
| 856 | 40|ahttp://publications.gc.ca|qPDF|s725 Ko|uhttps://publications.gc.ca/collections/Collection/SE1-2-2000-1F.pdf |
| 986 | |aEC 94316 |